Benedicto XVI y el último cónclave: los secretos de la elección del nuevo Papa

I tiakina i:
Ngā taipitopito rārangi puna kōrero
Kaituhi matua: Urdaci, Alfredo (Author)
Hōputu: Pukapuka
Reo:Pāniora
I whakaputaina: Santiago Planeta 2005
Putanga:1a. ed
Ngā marau:
Ngā Tūtohu: Tāpirihia he Tūtohu
Kāore He Tūtohu, Me noho koe te mea tuatahi ki te tūtohu i tēnei pūkete!

MARC

LEADER 00000nam a2200000 a 4500
001 UCK5574
003 CL-VaPUC
008 050805e20050500CL |||||||||||||||||spa|d
020 |a 9562473740 
082 0 4 |a 262.13  |b URD  |2 21 
100 0 |a Urdaci, Alfredo  |e author  |9 494397 
245 1 0 |a Benedicto XVI y el último cónclave: los secretos de la elección del nuevo Papa 
250 |a 1a. ed 
300 |a 224 p 
942 |c BK 
945 |d 20050805 00:00:00  |a jcarroza 
260 |a Santiago  |b Planeta  |c 2005 
600 0 7 |a BENEDICTO XVI  |2 CL-VaPUC  |9 494398 
600 0 |a Ratzinger, Joseph,   |c Papa  |e autor   |9 494399 
600 0 |a Juan Pablo II  |9 309920 
650 0 |a Papas  |9 258738 
650 0 |a Elecciones  |9 254997 
650 0 |a Pontífices  |9 375468 
583 |a last modification  |c 20050805 00:00:00  |k Rodrigo Vera 
999 |c 314077  |d 314075 
952 |0 0  |1 2  |4 0  |6 262_130000000000000_URD_2005  |7 0  |8 A  |9 385972  |a BIBTEO  |b BIBTEO  |d 2019-11-22  |i 4149173  |o 262.13 URD 2005  |p 4149173  |r 2019-11-22  |w 2019-11-22  |y BK  |k ICR